LEADER 02120nam 2200565Ia 450 001 9910450541403321 005 20200520144314.0 010 $a1-280-20870-8 010 $a9786610208708 010 $a0-309-54481-5 035 $a(CKB)1000000000017868 035 $a(SSID)ssj0000228337 035 $a(PQKBManifestationID)11210545 035 $a(PQKBTitleCode)TC0000228337 035 $a(PQKBWorkID)10149224 035 $a(PQKB)10199312 035 $a(MiAaPQ)EBC3377467 035 $a(Au-PeEL)EBL3377467 035 $a(CaPaEBR)ebr10071497 035 $a(OCoLC)923270813 035 $a(EXLCZ)991000000000017868 100 $a20050103d2004 uy 0 101 0 $aeng 135 $aurcn||||||||| 181 $ctxt 182 $cc 183 $acr 200 10$aProductivity and Cyclicality in Semiconductors$b[electronic resource] $eTrends, Implications, and Questions : report of a symposium /$fDale W. Jorgenson and Charles W. Wessner, editors ; Committee on Measuring and Sustaining the New Economy, Board on Science, Technology, and Economic Policy, Policy and Global Affairs, National Research Council of the National Academies 210 $aWashington, D.C. $cNational Academies Press$dc2004 215 $axviii, 196 p. $cill 300 $a"Measuring and sustaining the new economy." 311 $a0-309-09274-4 320 $aIncludes bibliographical references. 606 $aSemiconductor industry$zUnited States$vCongresses 606 $aTechnological innovations$xEconomic aspects$zUnited States$vCongresses 606 $aBusiness cycles$zUnited States$vCongresses 608 $aElectronic books. 615 0$aSemiconductor industry 615 0$aTechnological innovations$xEconomic aspects 615 0$aBusiness cycles 676 $a338.4/762138152 701 $aJorgenson$b Dale W$g(Dale Weldeau),$f1933-$0140875 701 $aWessner$b Charles W$0857991 801 0$bMiAaPQ 801 1$bMiAaPQ 801 2$bMiAaPQ 906 $aBOOK 912 $a9910450541403321 996 $aProductivity and Cyclicality in Semiconductors$92480091 997 $aUNINA LEADER 01190nam a22003495i 4500 001 991002253479707536 007 cr nn 008mamaa 008 121227s1998 de | s |||| 0|eng d 020 $a9783540687115 035 $ab1414508x-39ule_inst 040 $aBibl. Dip.le Aggr. Matematica e Fisica - Sez. Matematica$beng 082 04$a519.2$223 084 $aAMS 15-XX 084 $aAMS 68-XX 100 1 $aHartfiel, Darald J.$061959 245 10$aMarkov set-chains$h[e-book] /$cby Darald J. Hartfiel 260 $aBerlin :$bSpringer,$c1998 300 $a1 online resource (viii, 131 p.) 440 0$aLecture Notes in Mathematics,$x0075-8434 ;$v1695 650 0$aMathematics 650 0$aComputer science 650 0$aMatrix theory 650 0$aBiology$xMathematics 650 0$aDiscrete groups 650 0$aDistribution (Probability theory) 773 0 $aSpringer eBooks 856 40$uhttp://dx.doi.org/10.1007/BFb0094586$zAn electronic book accessible through the World Wide Web 907 $a.b1414508x$b03-03-22$c05-09-13 912 $a991002253479707536 996 $aMarkov set-chains$978110 997 $aUNISALENTO 998 $ale013$b05-09-13$cm$d@ $e-$feng$gde $h0$i0